Violencia doméstica: intervenciones para su prevención y tratamiento
Guardat en:
| Autor corporatiu: | |
|---|---|
| Format: | Text |
| Publicat: |
Washington, DC:
Banco Interamericano de Desarrollo. BID
|
| Matèries: | |
| Etiquetes: |
Afegir etiqueta
Sense etiquetes, Sigues el primer a etiquetar aquest registre!
|
MARC
| LEADER | 00000 a a2200000 04500 | ||
|---|---|---|---|
| 001 | 28420 | ||
| 003 | |||
| 040 | |||
| 090 | |a 188608 | ||
| 110 | |a Banco Interamericano de Desarrollo | ||
| 245 | |a Violencia doméstica: intervenciones para su prevención y tratamiento | ||
| 260 | |a Washington, DC: |b Banco Interamericano de Desarrollo. BID | ||
| 300 | |b **no definido** | ||
| 650 | |a VIOLENCIA INTRAFAMILIAR | ||
| 650 | |a AYUDA POR TELEFONO | ||
| 650 | |a SERVICIOS SOCIALES | ||
| 650 | |a INTERVENCION EN CRISIS | ||
| 650 | |a CONTABILIDAD DE COSTOS | ||
| 999 | |c 11548 |d 11548 | ||
